| 000 | 00727nam a2200205Ia 4500 | ||
|---|---|---|---|
| 005 | 20260429112337.0 | ||
| 008 | 260429s9999||||xx |||||||||||||| ||und|| | ||
| 020 | _a9788180316531 | ||
| 041 | _aHindi | ||
| 082 |
_a891.433 _bSHR |
||
| 100 | _aश्रोत्रिया, प्रभाकर | ||
| 245 | 0 |
_aश्रीनरेश मेहता रचनावली / _cप्रभाकर श्रोत्रिया |
|
| 250 | _a1st ed. | ||
| 260 |
_aप्रयागराज : _bलोकभारती प्रकाशन, _c2014. |
||
| 300 | _a510 p.; Hb | ||
| 440 | _vखंड- 6 | ||
| 650 | _aHindi Literature | ||
| 700 | _a ग्रोवर, रमेश चंद्र | ||
| 942 | _cTB | ||
| 999 |
_c53609 _d53609 |
||